| 000 | 00574nam a2200145Ia 4500 | ||
|---|---|---|---|
| 008 | 100204s9999 xx 000 0 und d | ||
| 082 | _b2876 | ||
| 100 | _aभागवत यशवंत | ||
| 245 | _aदिव्यदृष्टी : साधना व सिध्दी | ||
| 260 |
_b"अंजली प्रकाशन, पुणे" _c1980 |
||
| 300 | _a120 | ||
| 630 | _aदिव्यदृष्टी : साधना व सिध्दी | ||
| 730 | _aदिव्यदृष्टी : साधना व सिध्दी | ||
| 942 | _cBOOK | ||
| 999 |
_c465441 _d465438 |
||